Library of the University of Algiers 3
Ibrahim Sultan Cheibout
شعار جامعة الجزائر 3
مكتبة جامعة الجزائر 3
إبراهيم سلطان شيبوط

بحوث العمليات في المحاسبة : (رقم التسجيلة. 45384)

تفاصيل مارك
000 -LEADER
fixed length control field 01012nam a2200229Ia 4500
003 - CONTROL NUMBER IDENTIFIER
control field Ost
005 - DATE AND TIME OF LATEST TRANSACTION
control field 20260507075640.0
008 - FIXED-LENGTH DATA ELEMENTS--GENERAL INFORMATION
fixed length control field 260507s9999||||xx |||||||||||||| ||und||
040 ## - CATALOGING SOURCE
Transcribing agency fsecg
041 ## - LANGUAGE CODE
Language code of text/sound track or separate title ara
082 ## - DEWEY DECIMAL CLASSIFICATION NUMBER
Classification number 658.57
100 ## - MAIN ENTRY--PERSONAL NAME
Personal name علي حسين، أحمد حسين
Relator term مؤلف
245 #0 - TITLE STATEMENT
Title بحوث العمليات في المحاسبة :
Remainder of title مدخل معاصر بإستخدام الحاسب الألي /
Statement of responsibility, etc. أحمد حسين علي حسين
260 ## - PUBLICATION, DISTRIBUTION, ETC.
Place of publication, distribution, etc. الإسكندرية:
Name of publisher, distributor, etc. الدار الجامعية,
Date of publication, distribution, etc. 2002-2003
300 ## - PHYSICAL DESCRIPTION
Extent 404 صفحة؛
Other physical details إيضاحات ؛
Dimensions 24 سم
520 ## - SUMMARY, ETC.
Summary, etc. يتناول هذا الكتاب في طياته تحليل القرار أساليب البرمجة الخطية والعددية والأهداف ومجموعة من نماذج التحليل
653 ## - INDEX TERM--UNCONTROLLED
Uncontrolled term الحاسب الآلي
653 ## - INDEX TERM--UNCONTROLLED
Uncontrolled term المحاسبة
653 ## - INDEX TERM--UNCONTROLLED
Uncontrolled term بحوث العمليات
700 ## - ADDED ENTRY--PERSONAL NAME
Personal name السوافري، فتحي رزقي
Relator term مؤلف ثانوي
942 ## - ADDED ENTRY ELEMENTS (KOHA)
Koha item type كتب
المقتنيات
Withdrawn status Lost status Source of classification or shelving scheme Damaged status Not for loan Home library Current library Date acquired Serial enumeration / chronology Inventory number Total checkouts Full call number Barcode Date last seen Price effective from Koha item type
    Dewey Decimal Classification   NOT LOAN / إعارة داخلية مكتبة كلية العلوم الإقتصادية والعلوم التجارية وعلوم التسيير مكتبة كلية العلوم الإقتصادية والعلوم التجارية وعلوم التسيير 07/05/2026 الطابق الأرضي 817/1   أ/817ن1 817/1 07/05/2026 07/05/2026 كتب

موارد الويب المفتوحة


© University of Algiers 3 All Rights Reserved
|
Implemented by LECHELAH Riad